Statistics for Manly Last Names: Most Common Surnames Ending in MAN

Click here to take the quiz!

General Stats

  • This quiz has been taken 436 times
  • The average score is 15 of 100

Answer Stats

MAN NAMES% Correct
Homan
59%
Herman
51%
Berman
45%
Newman
45%
Harman
43%
Jackman
42%
Hoffman
41%
Thurman
38%
Coleman
37%
Freeman
37%
Norman
37%
Goldman
36%
Forman
35%
Roman
35%
Whitman
35%
Carman
34%
Bergman
32%
Sherman
32%
Goodman
31%
Allman
27%
Gorman
27%
German
26%
Blackman
25%
Chapman
23%
Hartman
23%
Huffman
23%
Bateman
22%
Foreman
22%
Redman
21%
Bachman
20%
Feldman
19%
Tillman
19%
Bowman
18%
Dorman
18%
Kaufman
18%
Zimmerman
18%
Peterman
16%
Silverman
16%
Eastman
15%
Hillman
15%
Holman
15%
Whiteman
15%
Altman
14%
Garman
13%
Wyman
13%
Furman
12%
Guzman
12%
Wellman
12%
Friedman
11%
Lehman
11%
Gilman
10%
Hallman
10%
Inman
10%
Neuman
10%
Brockman
9%
Layman
9%
Ackerman
8%
Alderman
8%
Beckman
8%
Hickman
8%
Shuman
7%
Tallman
7%
Freedman
6%
Hardman
6%
Lyman
6%
Merriman
6%
Osman
6%
Waterman
6%
Bauman
5%
Grossman
5%
Lieberman
5%
Pitman
5%
Seaman
5%
Shipman
5%
Spellman
5%
Wiseman
5%
Hyman
4%
Perryman
4%
Workman
4%
Berryman
3%
Rahman
3%
Aleman
2%
Chatman
2%
Holloman
2%
Kauffman
2%
Pittman
2%
Putman
2%
Spearman
2%
Steadman
2%
Timmerman
2%
Brinkman
1%
Christman
1%
Heckman
1%
Heilman
1%
Troutman
1%
Baughman
0%
Coffman
0%
Deguzman
0%
Sparkman
0%
Stutzman
0%

Score Distribution

Percentile by Number Answered

Percent of People with Each Score

Your Score History

You have not taken this quiz